| 000 | 00728cam a2200217 4500 | ||
|---|---|---|---|
| 008 | 090401t1993 xxu||||| |||| 00| 0 eng d | ||
| 020 | _a9277611529 | ||
| 035 | _a(Sirsi) u57270 | ||
| 041 | _aeng | ||
| 110 |
_aEurope _bEuropean Communities Commission _9698 |
||
| 245 | _aGeneral framework for action by the Commission of the European Communitites in the field of safety, hygiene and health protection at work (1994-2000). | ||
| 260 |
_aLuxembourg _bOffice for official Publications of the _c1993 |
||
| 300 | _a18p. ; 30cm. | ||
| 350 | _a0 | ||
| 490 |
_aCOM _v(93) 560 final |
||
| 650 | _aEUROPEAN COMMUNITY | ||
| 650 |
_aHEALTH AND SAFETY _96244 |
||
| 690 | _aEUROPE-SINGLE MARKET | ||
| 942 | _n0 | ||
| 948 | _c04/03/1997 | ||
| 999 |
_c93918 _d93918 |
||